000 00673nam a2200181Ia 4500
008 090123s9999 xx 000 0 und d
082 _b14117
_a891.463/अष्टी
100 _aअष्टीकर मंदाकिनी
245 _aओंजळीत भरले दव बिंदु
250 _a1
260 _bप्रिया प्रकाशन
300 _a262
600 _aअष्टीकर मंदाकिनी
630 _aओंजळीत भरले दव बिंदु
700 _aअष्टीकर मंदाकिनी
730 _aओंजळीत भरले दव बिंदु
942 _cBOOK
999 _c52179
_d52179